| 000 | 00760nam a2200241Ia 4500 | ||
|---|---|---|---|
| 003 | GCL | ||
| 008 | 140319s9999 xx 000 0 ara d | ||
| 040 |
_aGCL / _cGCL |
||
| 082 | 0 | 4 |
_a634 _bع ا |
| 100 | 1 | _aعبدالفتاح عثمان | |
| 245 | 1 | 0 |
_aانتاج محاصيل الفاكهة / _cعبدالفتاح عثمان |
| 700 | 1 | _aمحمد نظيف حجاج خليف | |
| 700 | 1 | _aابوزيد محمود عطاالله | |
| 260 |
_a[S.N] : _bمنشاة المعارف الاسلامية ، _c1990 |
||
| 300 | _a495 ص | ||
| 490 | _a | ||
| 650 | 0 | 4 | _aالفواكهة |
| 650 | 0 | 4 | _aالافات الزراعية |
| 650 | 0 | 4 | _aاشجار الفاكهة |
| 650 | 0 | 4 | _aالبساتين |
| 650 | 0 | 4 | _aتكاثر النبات |
| 942 |
_2ddc _cBK |
||
| 999 |
_c32752 _d32752 |
||